Top 200 Most Visited Games on Roblox - Statistics

General Stats
  • This quiz has been taken 31 times
  • The average score is 25 of 200
Answer Stats
Year Released Creator Visits Game % Correct
2017 Uplift Games 42.33B Adopt Me
77%
2025 The G_____ Game 34.68B Grow a Garden
77%
2025 BRAZILIAN SPYDER 60.39B Steal A Brainrot
73%
2019 Gamer Robot Inc 59.32B Blox Fruits
69%
2020 B_________ by Voldex 79.24B Brookhaven
65%
2017 Badimo 7.80B Jailbreak
65%
2016 alexnewtron 16.26B MeepCity
54%
2018 BIG Games Pets 1.15B Pet Simulator
54%
2021 BIG Games Pets 8.96B Pet Simulator X
50%
2018 YXceptional Studios 27.43B Tower of Hell
50%
2022 BIG Games Pets 2.33B Pet Simulator 99
46%
2020 MiniToon 14.08B Piggy
46%
2025 Grandma's Favourite Games 24.46B 99 Nights in the Forest
42%
2014 Aesthetical 2.80B Prison Life
42%
2008 Dued1 5.42B Work at a Pizza Place
42%
2015 ROLVe 6.14B Arsenal
38%
2014 Nikilis 24.04B Murder Mystery 2
38%
2008 stickmasterluke 4.12B Natural Disaster Survival
38%
2024 Nosniy Games 12.01B RIVALS
38%
2021 Easy.gg 11.08B BedWars
35%
2018 Onett 4.13B Bee Swarm Simulator
35%
2021 LSPLASH 7.22B DOORS
35%
2023 D____ T_ I______ Group 9.53B Dress to Impress
31%
2017 callmehbob 10.34B Royale High
31%
2022 Yielding Arts 16.89B The Strongest Battlegrounds
31%
2014 B_______ Development 9.81B Welcome to Bloxburg
31%
2024 Jandel's Road Trip 2.18B a dusty trip
27%
2016 Chillz Studios 4.90B Build A Boat For Treasure
27%
2015 TypicalType 2.30B Epic Minigames
27%
2024 F_____ing 4.26B Fisch
27%
2017 A. W. Apps 5.40B Flee the Facility
27%
2020 Easy.gg 2.33B Islands
27%
2017 Fierzaa 1.46B KAT
27%
2019 Ultraw 1.60B Restaurant Tycoon 2
27%
2023 Wiggity 5.97B Blade Ball
23%
2019 Cracky4 2.90B Break In
23%
2025 Wave of Brainrots 3.99B Escape Tsunami For Brainrots
23%
2016 F______ F_____ 2.29B Fashion Famous
23%
2024 BIG Games Pets 904M PETS GO
23%
2025 Splitting Point 4.56B Plants Vs Brainrots
23%
2018 Rumble Studios 1.24B Bubble Gum Simulator
19%
2019 D_ H___ Entertainment 2.88B Da Hood
19%
2021 markers epic memers 940M Find the Markers
19%
2024 F_______ Dev Team 4.39B Forsaken
19%
2019 Scriptbloxian Studios 2.13B Ninja Legends
19%
2015 StyLIS Studios 1.75B Phantom Forces
19%
2021 Roy & Charcle 4.77B Rainbow Friends
19%
2016 S____ H_____ 2.45B Super Hero Tycoon
19%
2019 Paradoxum Games 4.57B Tower Defense Simulator
19%
2024 Volleyball Game Group 2.94B Volleyball Legends
19%
2020 Top Down Games 7.60B All Star Tower Defense
15%
2024 Kitawari 1.75B Anime Vanguards
15%
2025 RCM Games 6.05B Dead Rails
15%
2017 Temple of B__________ 915M Doomspire Brickbattle
15%
2024 Fish Atelier 3.98B Fish It
15%
2015 Tim7775 3.32B Hide and Seek Extreme
15%
2024 games I think 2.91B Ink Game
15%
2017 Schwifty Studios 2.60B Mad City
15%
2022 haz3mn 4.83B PLS DONATE
15%
2021 Tencell 3.34B Slap Battles
15%
2020 RoyStanford 2.85B Spider
15%
2019 uglyburger0 3.09B 3008
12%
2021 Gomu 2.50B Anime Adventures
12%
2022 PlatinumFalls 4.16B BARRY'S PRISON RUN
12%
2024 B___ L___: R_____ Unofficial Fans 4.46B Blue Lock: Rivals
12%
2017 Paradox 1.35B Breaking Point
12%
2021 Muneeb 6.16B Catalog Avatar Creator
12%
2024 BlushCrunch Studio 5.98B Dandy's World
12%
2018 Police Roleplay Community 1.43B Emergency Response: Liberty County
12%
2022 Hexagon Development Community 8.20B Evade
12%
2022 Tze's Shenanigans 3.58B Jujutsu Shenanigans
12%
2009 Bloxtun's Games 1.16B Mega Fun Obby
12%
2019 BIG Games 878M My Restaurant
12%
2020 RELL World 2.64B Shindo Life
12%
2025 The F____ Community 987M The Forge
12%
2012 Den_S 1.54B Theme Park Tycoon 2
12%
2023 Telanthric Development 6.06B Toilet Tower Defense
12%
2023 ALS Team 1.07B Anime Last Stand
8%
2025 B_______ E________ 1.72B Brainrot Evolution
8%
2023 Cracky4 948M Break In 2
8%
2017 C__ C_______ Community 1.29B Car Crushers 2
8%
2018 Foxzie 2.43B Car Dealership Tycoon
8%
2019 Block Evolution Studios 2.78B Club Roblox RP
8%
2020 Sonar Studios 1.81B Creatures of Sonaria
8%
2018 D______ Q____ by Voldex 2.31B Dungeon Quest
8%
2021 XSTNS GAMES 1.70B Football Fusion 2
8%
2019 Creator_Studio 1.93B FREE ADMIN
8%
2020 SnowdustDev 2.85B Gacha Online RP
8%
2017 G_________, Wisconsin 1.32B Greenville
8%
2023 G_______ Studio 997M Gunfight Arena
8%
2019 Sea King Games 3.85B King Legacy
8%
2023 Cinnamon Software 3.09B LifeTogether RP
8%
2021 Century Makers 5.33B Livetopia RP
8%
2009 Defaultio 1.28B Lumber Tycoon 2
8%
2019 Authentic Creations 1.72B Mega Easy Obby
8%
2021 The S_____ G___ 997M Shrimp Game
8%
2023 S__'_ Studio 1.66B Sol's RNG
8%
2022 Gamefam x Sonic 1.41B Sonic Speed Simulator
8%
2014 Vurse 1.71B Speed Run 4
8%
2020 SheriffTaco 1.29B Spray Paint
8%
2021 Trendsetter Games 1.98B Squid Game
8%
2014 homermafia1 1.79B Survive and Kill the Killers in Area 51
8%
2021 CTStudio 1.16B The Mimic
8%
2021 Nighty Studio 2.76B Twilight Daycare RP
8%
2021 W_____ W______ 990M Wacky Wizards
8%
2019 Bizarre Studios 2.19B Your Bizarre Adventure
8%
2024 Top Down Games 935M All Star Tower Defense X
4%
2018 Dogs Studios: South 1.20B Anime Battle Arena
4%
2024 Small World Games x A____ D________ 3.41B Anime Defenders
4%
2019 BlockZone 1.39B Anime Fighting Simulator
4%
2020 Universe Time Studio 951M A Universal Time
4%
2022 Amberry Games 7.76B Berry Avenue RP
4%
2019 BIG Games 1.84B BIG Paintball Classic
4%
2020 Spirow734 1.38B Cheese Escape
4%
2020 11aganfy 2.60B Color Block
4%
2019 PlayC_____W_______ 1.39B Combat Warriors
4%
2019 D________ Staff 1.49B Deepwoken
4%
2019 Sonar Studios 1.50B Dragon Adventures
4%
2019 D______ E_____ by Voldex 2.59B Driving Empire
4%
2021 E________ H______ 1.16B Emergency Hamburg
4%
2021 manato48 2.80B Escape Running Head
4%
2020 Splitting Point Studios 1.21B Field Trip Z
4%
2018 JJ Studios 846M Flicker
4%
2021 Horomori 2.71B Fling Things and People
4%
2021 Lyte Interactive 1.95B Funky Friday
4%
2020 GabStudio 1.47B Kitty
4%
2019 Scriptbloxian Studios 1.92B Legends of Speed
4%
2023 Century Creators 2.03B Metro Life City RP
4%
2021 Wild Roleplay 965M MIC UP
4%
2020 Rinpix 914M Murderers vs. Sheriffs
4%
2023 Red21 Games 2.30B Murderers VS Sheriffs DUELS
4%
2019 Scriptbloxian Studios 2.19B Muscle Legends
4%
2018 NFL U_______ F_______ by Voldex 860M NFL Universe Football
4%
2023 FORTUNE 777 1.86B Obby But You're On a Bike
4%
2016 R________ H___ S_____ Group 1.32B Robloxian High School RP
4%
2013 Firebrand Games 883M RoCitizens
4%
2017 16bitplay Games 859M SKYWARS
4%
2021 redifi 1.76B Squid Game X
4%
2021 The Gang Stockholm 1.61B Strongman Simulator
4%
2020 Slyce Entertainment 2.55B Survive the Killer
4%
2017 TheLegendOfPyro 3.10B The Floor is LAVA
4%
2020 Limitless Studio 4.00B Tower of Misery
4%
2020 Emotes CO. 1.17B TTD 3
4%
2023 drowningsome 1.19B untitled boxing game
4%
2020 QuadraTech 1.88B Vehicle Legends
4%
2020 ragnar9878 1.51B Animal Simulator
0%
2021 Albatross Games 1.41B Anime Dimensions Simulator
0%
2021 A____ F_______ 1.32B Anime Fighters Simulator
0%
2025 CL GAMES 1.00B ARISE CROSSOVER
0%
2023 Kubo Games 1.27B Arm Wrestle Simulator
0%
2022 Meow Meow Games 1.57B Baddies
0%
2020 Pink Beard Games 870M Bakon
0%
2025 Current. 920M Basketball: Zero
0%
2021 sketchy laboratory 961M Boxing Beta
0%
2018 Zaquille 1.44B Broken Bones IV
0%
2025 Climbing World 899M Climb and Jump Tower
0%
2023 BIGworks Games 1.20B Color or Die
0%
2015 Headwind 1.20B Counter Blox
0%
2022 Just For Fun 843M Create a Cart Ride
0%
2023 Small World Games 1.44B Death Ball
0%
2020 Fireheart Studio 970M Demonfall
0%
2020 Colorfuel Studios 1.23B Don't Press The Button 4
0%
2012 D_____ B___ R___ Club 954M Dragon Ball Rage
0%
2020 05kz 1.51B Easy Obby
0%
2022 Giggle Inc 1.13B Elemental Powers Tycoon
0%
2021 PlatinumFalls 909M Escape Papa Pizza's Pizzeria
0%
2020 PlatinumFalls 1.12B Escape The Carnival of Terror Obby
0%
2018 PlatinumFalls 982M Escape The Dungeon Obby
0%
2018 The F______ F_____ 1.32B Feather Family
0%
2023 Play Football 1.03B FIFA Super Soccer
0%
2022 P O P O 1.00B Fruit Battlegrounds
0%
2018 Grand Quest Games 1.23B Grand Piece Online
0%
2022 PlatinumFalls 891M GREAT SCHOOL BREAKOUT
0%
2023 more awesome games yo 1.45B Heroes Battlegrounds
0%
2020 laughablehaha 1.19B Infectious Smile
0%
2019 Digital Destruction 1.42B Insane Elevator
0%
2015 Llama Train Studio 896M Loomian Legacy
0%
2017 silky_dev 1.70B LUCKY BLOCKS Battlegrounds
0%
2022 Marizma Games 1.60B Maple Hospital
0%
2021 Wild Atelier 1.30B Mega Mansion Tycoon
0%
2021 InfinityInteractive 949M Military Tycoon
0%
2021 Toya 918M Miraculous RP: Ladybug & Cat Noir
0%
2020 Pseudosuper 1.09B Pilfering Pirates
0%
2022 48h Games 954M Race Clicker
0%
2023 The Builder's Legion 1.08B Realistic Street Soccer
0%
2021 R_______ C___ RP 1.11B Redcliff City RP
0%
2021 slugfo 1.12B Red Light, Green Light
0%
2017 SushiWalrus 1.03B Ro-Ghoul
0%
2025 kharbor_ykt 857M Scary Shawarma Kiosk
0%
2023 ひみつのおるすばん:S_____ S_________ 953M Secret Staycation
0%
2017 Abracadabra 1.64B SharkBite Classic
0%
2021 Studio Giraffe 1.60B Speed Draw
0%
2023 Pear Pressure 999M Teamwork Puzzles 2
0%
2014 Lilly Pop Productions 870M The Dropper
0%
2020 Wavelength 898M Tower of Fun
0%
2020 Ghostworks 1.08B Ultimate Tower Defense
0%
2022 capserg 839M Underground War 2.0
0%
2020 KizmoTek 954M War Tycoon
0%
2017 Z_____ A_____ Official 1.68B Zombie Attack
0%
2020 USSF - United States Special Forces 1.22B Zombie Uprising
0%
No matching quizzes found
Score Distribution
Percent of People with Each Score
Percentile by Number Answered
Your Score History
You have not taken this quiz